Australian Cities by Images - Statistics

General Stats
  • This quiz has been taken 28 times
  • The average score is 10 of 12
Answer Stats
Picture Answer % Correct
Brisbane
100%
Sydney
100%
Darwin
96%
Melbourne
96%
Perth
93%
Canberra
89%
Gold Coast
89%
Hobart
89%
Adelaide
85%
Cairns
63%
Newcastle
63%
Wollongong
41%
No matching quizzes found
Score Distribution
Percent of People with Each Score
Percentile by Number Answered
Your Score History
You have not taken this quiz